000 00370nam a2200133Ia 4500
001 14581
003 GE_BSU
008 181216s||||||||xx |||||||||||||| ||und||
040 _cGE_BSU
245 _aБанковские технологии № 11(226) 2014
245 _cГл. ред.Ю.Н.Гордеев
653 _aБанковские технологии
942 _cCR
999 _c47710
_d47710